El cocinero caprichoso / (Record no. 192425)

MARC details
000 -CABECERA
campo de control de longitud fija 00671nam a2200229 u 4500
005 - FECHA Y HORA DE LA ÚLTIMA TRANSACCIÓN
campo de control 20240912063859.0
008 - ELEMENTOS DE LONGITUD FIJA--INFORMACIÓN GENERAL
campo de control de longitud fija 170907s2010 ag r 000 0 spa d
020 ## - NÚMERO INTERNACIONAL NORMALIZADO PARA LIBROS
Número Internacional Estándar del Libro 9789501127904
035 ## - NÚMERO DE CONTROL DEL SISTEMA
Número de control de sistema UPN01000220326
049 ## - COLECCIÓN
Colección I
050 #4 - SIGNATURA TOPOGRÁFICA DE LA BIBLIOTECA DEL CONGRESO
Número de clasificación PZ74.3
Número de documento/Ítem CH6.3
100 0# - ASIENTO PRINCIPAL--NOMBRE PERSONAL
Nombre de persona Chorchi
9 (RLIN) 38276
245 13 - MENCIÓN DE TÍTULO
Título El cocinero caprichoso /
Mención de responsabilidad, etc. Chorchi ; il. Carlos Terán
260 ## - PUBLICACIÓN, DISTRIBUCIÓN, ETC.
Lugar de publicación, distribución, etc. Buenos Aires :
Nombre del editor, distribuidor, etc. Sigmar,
Fecha de publicación, distribución, etc. 2010.
300 ## - DESCRIPCIÓN FÍSICA
Extensión [24] p. :
Otras características físicas principalmente il. col.
440 #3 - MENCIÓN DE SERIE/ASIENTO SECUNDARIO--TÍTULO
Título El castillo amarillo
650 #4 - ASIENTO SECUNDARIO DE MATERIA - TERMINO TEMATICO
Término de materia o nombre geográfico como elemento de entrada Cuentos infantiles argentinos
9 (RLIN) 7466
650 #4 - ASIENTO SECUNDARIO DE MATERIA - TERMINO TEMATICO
Término de materia o nombre geográfico como elemento de entrada Rimas infantiles
9 (RLIN) 10247
650 #4 - ASIENTO SECUNDARIO DE MATERIA - TERMINO TEMATICO
Término de materia o nombre geográfico como elemento de entrada CUENTOS HUMORISTICOS
9 (RLIN) 11283
905 ## - TIPO DE MATERIAL
Tipo de material Infantil
Holdings
Estado de retiro Estado de pérdida Fuente del sistema de clasificación o colocación Estado dañado No para préstamo Código de colección Localización permanente Ubicación/localización actual Ubicación en estantería Fecha de adquisición Clasificación Código de barras Fecha visto por última vez Número de copia Tipo de ítem Koha
    Library of Congress Classification     Infantil Bib. Gregorio Torres Quintero Bib. Gregorio Torres Quintero Sala infantil Planta baja 10/05/2023 PZ74.3 CH6.3 318834 31/12/2020 1 Libro